000 01613nam a2200325 i 4500
003 EG-GICUC
005 20260513184942.0
008 260513s2009 ua ||||fr|||| 00| 0 ara d
040 _a EG-GICUC
_bara
_c EG-GICUC
_d EG-GICUC
_erda
041 _aara
_hara
082 0 4 _221
_a343.1
_bإ ي . م
092 0 4 _221
099 _aLaw1 10 343.1 إ ي . م 2009
100 0 _aإيهاب عبدالمطلب
_eمؤلف.
245 1 2 _aالموسوعة الجنائية الحديثة فى شرح قانون العقوبات :
_bطبقاً لأحدث التعديلات الصادرة بالقانون رقم 95/2003 والقانون رقم 147/2006 معلقاً عليه بأراء الفقه وأحكام محكمة النقض منذ تاريخ إنشائها حتى عام 2007 /
_cتأليف إيهاب عبدالمطلب.
_nالمجلد الرابع،
264 1 _aلا يوجد مكان للنشر :
_bلا يوجد ناشر محدد،
_c2009.
300 _a900 صفحة ;
_c25 سم.
336 _2rda content
_atext
337 _2rda media
_aComputer
338 _2rda carrier
_aOnline Resource
490 _aالموسوعة الجنائية الحديثة فى شرح قانون العقوبات :
_vالمجلد الرابع
504 _aيشتمل على إرجاعات ببليوجرافية.
546 _aالنص باللغة العربية
650 1 _aالقانون الجنائي
_2qrmak
650 1 _aقانون العقوبات القسم العام
_2qrmak
651 1 _2qrmak
856 4 0 _uhttps://fll.law.cu.edu.eg/fulltext/bks/B10-12118.pdf
905 _a43
942 _2ddc
_n0
_cBK
_e21
999 _c76821
_d76821